|
|
|
|
| LEADER |
00725nas a2200193 i 4500 |
| 001 |
acta88937 |
| 005 |
20251111135618.0 |
| 008 |
251111s2024 hu o 000 hun d |
| 022 |
|
|
|a 2416-223X
|
| 040 |
|
|
|a SZTE Egyetemi Kiadványok Repozitórium
|b hun
|
| 041 |
|
|
|a hun
|
| 041 |
|
|
|a eng
|
| 245 |
0 |
0 |
|a Délvidéki szemle
|h [elektronikus dokumentum] :
|b 11. évf. (2024) 1. sz.
|
| 260 |
|
|
|a Szegedi Tudományegyetem Juhász Gyula Pedagógusképző Kar Juhász Gyula Felsőoktatási Kiadó
|b Szeged
|c 2024
|
| 300 |
|
|
|a 181
|
| 490 |
0 |
|
|a Délvidéki szemle
|v 11 No. 1
|
| 695 |
|
|
|a Történettudomány - tanulmányok
|
| 700 |
0 |
1 |
|a Zakar Péter
|
| 856 |
4 |
0 |
|u http://acta.bibl.u-szeged.hu/88937/1/delvideki_szemle_2024_001.pdf
|z Dokumentum-elérés
|